Medagliere Olimpiadi estive Helsinki 1952 - Statistics

Statistiche generali
  • Questo quiz è stato fatto 3 volte
  • Il punteggio medio è 7 su 10
Statistiche sulle risposte
Medaglie d'Oro Medaglie d'Argento Medaglie di Bronzo Medaglie complessive Rappresentativa olimpica % Corretto
6 3 13 22 Finlandia
100%
6 6 6 18 Francia
100%
0 7 17 24 Germania
100%
8 9 4 21 Italia
100%
40 19 17 76 Stati Uniti
100%
12 13 10 35 Svezia
67%
22 30 19 71 Unione Sovietica
67%
7 3 3 13 Cecoslovacchia
33%
16 10 16 42 Ungheria
33%
2 6 6 14 Svizzera
0%
Nessun quiz corrispondente trovato
Distribuzione punteggi
Percentuale di utenti per punteggio
Percentile per numero di risposta
I tuoi punteggi nel tempo
Non hai fatto questo quiz